Linear algebra / (Record no. 368249)
[ view plain ]
| 000 -LEADER | |
|---|---|
| fixed length control field | 00513nam a22001817a 4500 |
| 003 - CONTROL NUMBER IDENTIFIER | |
| control field | 0 |
| 005 - DATE AND TIME OF LATEST TRANSACTION | |
| control field | 20251015150057.0 |
| 008 - FIXED-LENGTH DATA ELEMENTS--GENERAL INFORMATION | |
| fixed length control field | 251015b xxu||||| |||| 00| 0 eng d |
| 020 ## - INTERNATIONAL STANDARD BOOK NUMBER | |
| International Standard Book Number | 978-1-64728-596-8 |
| 050 ## - LIBRARY OF CONGRESS CALL NUMBER | |
| Classification number | QA 184.2 |
| Item number | .M36 2024 |
| 100 ## - MAIN ENTRY--PERSONAL NAME | |
| Personal name | Mandelbaum, Lilian, |
| Relator term | author. |
| 245 ## - TITLE STATEMENT | |
| Title | Linear algebra / |
| Statement of responsibility, etc | author. |
| 300 ## - PHYSICAL DESCRIPTION | |
| Extent | 243 pages : |
| Other physical details | illustrations ; |
| Dimensions | 26 cm. |
| 504 ## - BIBLIOGRAPHY, ETC. NOTE | |
| Bibliography, etc | Includes bibliographical references and index. |
| 650 ## - SUBJECT ADDED ENTRY--TOPICAL TERM | |
| Topical term or geographic name as entry element | Algebras, Linear. |
| 650 ## - SUBJECT ADDED ENTRY--TOPICAL TERM | |
| Topical term or geographic name as entry element | Mathematics. |
| 942 ## - ADDED ENTRY ELEMENTS (KOHA) | |
| Source of classification or shelving scheme | Library of Congress Classification |
| Koha item type | Books |
| Withdrawn status | Lost status | Source of classification or shelving scheme | Damaged status | Home library | Current library | Shelving location | Date acquired | Source of acquisition | Sub Shelving location | Total Checkouts | Full call number | Barcode | Date last seen | Price effective from | Koha item type |
|---|---|---|---|---|---|---|---|---|---|---|---|---|---|---|---|
| Library of Congress Classification | College Library | College Library | Reserve Section | 06/04/2025 | Library Fund | QA 184.2 .M36 2024 | C25399 | 10/15/2025 | 10/15/2025 | Books |